000 00319nam a2200133Ia 4500
008 100328s9999 xx 000 0 und d
082 _b46724
100 _aगवळीकर ज.सा.
245 _aवलय
260 _bशब्दांगण
630 _aवलय
730 _aवलय
942 _cBOOK
999 _c534654
_d534651